KPOP: Guess the song by lyrics (Part 3) - Statistics

General Stats
  • This quiz has been taken 615 times
  • The average score is 6 of 20
Answer Stats
Lyrics Name % Correct
Bultaoreune. Fire
79%
Wonhae manhi manhi, manhi manhi Blood Sweat & Tears
72%
I’m the biggest hit. I’m the biggest hit on this stage. Cherry Bomb
67%
Oh wait til’ I do what I do. Hit you with that Ddu-Du Ddu-Du
55%
Shimmie shimmie Ko Ko Bop
50%
I wanna know, satangcheoreom dalkomhadaneunde. What Is Love?
36%
Gyeonwo chong! Jojun! Balsa! Not Today
34%
I just wanna fall in love. Like Ooh Aah
31%
Oh, she wants me. Oh, she's got me. Overdose
30%
Bolmanhan mellodeurama. Gwaenchaneun gyeolmal. Love Scenario
25%
Take me high high high high. Hi High
24%
Betting on you. Betting on you. Bad
15%
Gonggani yeollyeo from the bottom up. Limitless
10%
We can take it slow. Lo Siento.
8%
I just wanna show my mind. Hard Carry
7%
Nan yeppeun kkocheul deun namja. Bae Bae
6%
Do it! Do it! Do it! Oh man... Call 911. EoEo
5%
Naege naege dorawa jwo babe. Tell Me
5%
Neon neoyeoyaman hae. Heroine
3%
Hangsang bichi dwae jun geudae. Nonono
3%
No matching quizzes found
Score Distribution
Percent of People with Each Score
Percentile by Number Answered
Your Score History
You have not taken this quiz